000 00295nam a22001337a 4500
008 170925b xxu||||| |||| 00| 0 eng d
020 _a1573560227
041 _aeng
080 _a37
100 _a46
101 _aEDU
245 _aFITTING FORM TO FUNCTION
_cWEINGARTNER,R.H
942 _2udc
_cBK
999 _c29542
_d29542